| 000 | 00356 a2200157 4500 | ||
|---|---|---|---|
| 001 | 74263 | ||
| 020 | _a857307363-2 | ||
| 040 | _cAnchieta - Colégio São Paulo | ||
| 100 | _aSaraiba, Bernabé | ||
| 240 | 1 | 0 |
_aOs conteúdos na reforma _lpor |
| 245 | 1 | 0 | _aOs conteúdos na reforma |
| 300 | _a182 | ||
| 362 | 0 | _a1998 | |
| 650 | 4 | _aEducação | |
| 942 | _cBK | ||
| 999 |
_c74263 _d74263 |
||